| 000 | 00969nam a2200241 a 4500 | ||
|---|---|---|---|
| 001 | 000016558 | ||
| 005 | 20200929164928.0 | ||
| 008 | 100308s1992 dr a 000 0 spa d | ||
| 040 |
_aDO-SdBNP _bspa _cBNPHU |
||
| 082 |
_axxx _bA655h |
||
| 245 | 0 | 0 |
_aApuntes para la historia de la drogadicción en la República Dominicana : crónicas de su origen y crecimiento hasta 1991 / _ccompilación Ana Marina Méndez Gómez; prefacio Luis Elpidio Féliz Féliz; prólogo Leopoldo Ml. Díaz Henríquez. |
| 260 |
_aSanto Domingo : _bHogar Crea Dominicana, _c1992. |
||
| 300 |
_a83 p. : _bil. ; _c22 cm. |
||
| 490 | 1 |
_aInvestigaciones _v1 |
|
| 490 | 1 | _aHogar Crea | |
| 500 | _aIncluye notas al pie de páginas | ||
| 700 | 1 |
_aMéndez Gómez, Ana María _ecomp. _936809 |
|
| 700 | 1 |
_aFéliz Féliz, Luis Elpidio _epref. _918204 |
|
| 700 | 1 |
_aDíaz Henríquez, Leopoldo Ml. _epról. _936810 |
|
| 830 | 0 |
_aInvestigaciones _n1 _936811 |
|
| 830 | 0 |
_aHogar Crea _936812 |
|
| 049 | _aBNPD | ||
| 999 |
_c16091 _d16091 |
||